[Event "Darmstadt Integrata 1st"]
[Site "Darmstadt"]
[Date "2001.01.13"]
[Round "8"]
[White "Ovsejevitsch, Sergei"]
[Black "Bunzmann, Dimitrij"]
[Result "1-0"]
[WhiteElo "2526"]
[BlackElo "2484"]
[Annotator "Stohl,I"]
[PlyCount "63"]
[EventDate "2001.01.02"]
[EventType "tourn"]
[EventRounds "9"]
[EventCountry "GER"]
[EventCategory "10"]
[SourceTitle "CBM 081"]
[Source "ChessBase"]
[SourceDate "2001.03.20"]
[SourceVersion "1"]
[SourceVersionDate "2001.03.20"]
[SourceQuality "1"]

1. d4 e6 2. c4 b6 3. a3 f5 4. Nc3 Nf6 5. g3 Bb7 6. d5 b5 $6 {A rather wild
attempt to break up White's [+], which however compromises Black's pawn
structure.} (6... g6 $5) ({More popular and solid is} 6... Na6 $142 7. Bg2 Nc5
8. Nh3 Bd6 9. O-O Be5 10. Qc2 O-O 11. Rd1 Qe7 12. Be3 Rab8 13. Rac1 Nce4 14.
Nxe4 Nxe4 15. Nf4 c5 16. dxc6 Bxc6 17. Nd3 Bf6 18. f3 Nc5 19. b4 Nxd3 20. Rxd3
d5 21. f4 dxc4 22. Qxc4 Bxg2 23. Kxg2 Rf7 24. b5 Re8 25. Rcd1 e5 $132 {
Kasparov,G-Morozevich,A/Frankfurt rapid/ 2000/}) 7. Nf3 ({Even more convincing
seems} 7. Nxb5 $5 exd5 8. cxd5 Bxd5 (8... Nxd5 9. Nf3 c5 10. Nc3 Nxc3 11. bxc3
Be7 12. Bg2 Bf6 13. O-O Be4 14. Be3 Qc7 15. Ne1 Bxg2 16. Nxg2 Qc6 17. Nf4 O-O
18. Qd5+ Qxd5 19. Nxd5 Na6 20. Rab1 d6 21. Rfd1 $16 {Zimmerman,Y-Gara,T/
Budapest/1999/}) 9. Nf3 Bc5 (9... Bc6 10. Nbd4 Be4 11. Bg2 Nc6 12. O-O g6 13.
Bf4 Nxd4 14. Qxd4 d6 15. Rac1 c5 16. Qd2 Qe7 17. Rfd1 Rd8 18. b4 Rd7 19. bxc5
dxc5 20. Qa5 Bg7 21. Rxd7 Nxd7 22. Rd1 $40 {[%csl Re8] עe8, Savchenko,
S-Miezis,N/Porto San Giorgio/ 2000/}) (9... Na6 10. Nc3 Bb7 11. Bg2 Nc5 12. b4
Ne6 13. O-O a5 14. b5 Bc5 15. Qb3 Qe7 16. e3 O-O 17. Nh4 Bxg2 18. Kxg2 Qf7 19.
Qc2 Ng4 20. Nd5 Bd6 21. Bb2 g5 22. Nf3 Nd4 23. Bxd4 Qxd5 24. Qa2 Qxa2 25. Rxa2
h6 26. a4 $14 {[%csl Rc7,Rd7] /+/-,ק Cheparinov,I-Romero Holmes,A/Wijk aan
Zee op/2000/}) 10. Bg5 (10. Bg2 $14) 10... c6 11. Bxf6 gxf6 12. e3 (12. Nc3 Qb6
$36) 12... Qb6 13. b4 Bxe3 14. fxe3 Qxe3+ 15. Qe2 Qxe2+ 16. Bxe2 cxb5 17. O-O
a5 18. Nd4 axb4 19. axb4 Rxa1 20. Rxa1 O-O 21. Bxb5 {1/2,Hofman,R-Grabuzova,T/
Groningen op/1994/} Nc6 $11) (7. Bg2 b4 (7... bxc4 $5 8. Nh3 exd5 9. Nxd5 Nxd5
10. Bxd5 c6 11. Bxc4 d5 12. Ba2 Bd6 13. Bf4 O-O 14. Bxd6 Qxd6 15. O-O Nd7 16.
Nf4 Rae8 17. b4 g5 18. Nd3 f4 19. Rc1 Nf6 20. gxf4 gxf4 21. Kh1 Kh8 22. Rg1 Ne4
23. Rc2 d4 24. f3 Nc3 $13 {Georgiev,K-Miezis,N/Aubervilliers rapid/2001/}) 8.
axb4 Bxb4 9. Nh3 O-O 10. O-O a5 11. Na2 Bc5 12. Nf4 Ra6 13. Nc3 Re8 14. dxe6
Bxg2 15. Kxg2 dxe6 16. Qxd8 Rxd8 17. Nb5 Ne8 18. b3 Bb4 19. Bb2 c6 20. Rfd1
Rxd1 21. Rxd1 cxb5 22. Rd8 Kf7 23. Rxb8 bxc4 24. bxc4 Rc6 25. Nd3 Bd6 $11 {
Prakash,G-Miezis,N/Dhaka/2001/}) (7. Qb3 Na6 $1 8. Be3 Ng4 9. Nxb5 Nc5 10. Bxc5
Bxc5 11. Nh3 Rb8 12. Qc3 c6 $5 13. b4 Be7 14. Nd4 cxd5 15. Bg2 dxc4 16. Bxb7
Rxb7 17. Qxc4 Ne5 18. Qb3 Qb6 19. e3 a5 20. b5 Nc6 21. bxc6 Qxb3 22. cxd7+ Kxd7
23. Nxb3 Rxb3 $17 {Zaja,I-Lovric,B/Montecatini Terme/1999/}) 7... bxc4 ({
Already the above example Prakash-Miezis shows that} 7... b4 $142 $5 {deserves
serious attention:} 8. axb4 Bxb4 9. dxe6 O-O $1 10. Qb3 a5 11. Bg2 dxe6 12. O-O
Nbd7 13. Rd1 Qe7 14. Bg5 Nc5 15. Qc2 Nce4 16. Nxe4 Bxe4 17. Qa4 e5 18. Qb5 Rae8
19. Bd2 Bxf3 20. exf3 Rb8 21. Qa4 Rbd8 22. Qc2 e4 23. Be3 Rxd1+ 24. Rxd1 Bc5
$132 {Ibragimov,I-Miezis,N/Bad Wildbad op/2000/}) 8. dxe6 dxe6 (8... d5 9. Nd4
g6 10. Bg2 $36) 9. Qa4+ Qd7 10. Qxc4 $36 {[%mdl 16] Black's << is weakened and
White has a permanent edge.} Qc6 (10... Nc6 $142 11. Bg2 Bd6 12. b4 Ne7 13. O-O
Ned5 14. Bb2 O-O 15. Nd4 Qf7 16. Rac1 f4 17. Nc6 a6 18. Ne4 Nxe4 19. Bxe4 Rae8
20. Qd3 Qh5 21. Qd4 Nf6 {1/2,Mohr,S-Bischoff,K/Bundesliga 9596/1996/} 22. Bf3
$14) 11. Qa2 $5 (11. Qxc6+ Nxc6 12. Nb5 Bd6 $11 {/\Ne5<=>}) 11... Bc5 12. Bg2
O-O 13. O-O (13. Nh4 Ne4 $13 (13... Qb6 14. Bxb7 Bxf2+ 15. Kd1 Qxb7 16. Qxe6+
Kh8 17. Rf1 $36)) 13... Kh8 14. Bf4 (14. Bd2 $5 e5 (14... a5 15. Rac1 Nbd7 16.
b3 $14) 15. b4 Bb6 16. Rac1 $36) 14... Nbd7 (14... Ne4 $2 15. Nxe4 fxe4 16. Ng5
$18) (14... Ng4 15. h3 e5 16. hxg4 exf4 17. Nh4 $16) 15. Rac1 e5 (15... a5 16.
Ne1 Qa6 17. Bxb7 Qxb7 18. Qxe6 Qxb2 19. Nd3 $16 Qxa3 $2 20. Nb1 $18) 16. Bd2
Qd6 (16... a5 17. Nh4 (17. Ne1 Qa6 18. Bxb7 Qxb7 19. Nd3 Bd6 $11) (17. b3 e4
18. Nh4 Qe6 $13) 17... Ne4 18. Nxe4 (18. Nxf5 $2 Nxc3 19. Bxc6 Nxe2+ 20. Kg2
Bxc6+) 18... fxe4 19. Be3 Qd6 20. Bxc5 Nxc5 21. Qc4 $16) 17. b4 Bb6 18. Nb5 Qe7
19. Ng5 $5 $36 (19. Nxc7 Rac8 20. Qe6 Qd8 (20... Rfe8 21. Qxe7 Rxe7 22. Nb5 $16
) 21. Nb5 Ne4 $14) 19... Bxg2 20. Kxg2 Ne4 (20... c5 $142 21. Qe6 Qxe6 22. Nxe6
Rfc8 23. Nd6 Rc6 24. Ng5 $16 {[%cal Rd6f5,Rb4b5] /\Nf5, b5!}) 21. Nxe4 fxe4 22.
Nxc7 Rac8 23. Qe6 $1 $18 {Stops any <=> and leaves Black only with ק.} Qd8 (
23... Rce8 24. Qxe7 Rxe7 25. Nd5 Ref7 26. Be3 $18) 24. Nd5 Bd4 25. Be3 Rxc1 (
25... Re8 26. Rxc8 Qxc8 27. Rc1 $1 Qd8 28. Qg4 $18) 26. Rxc1 Nf6 (26... Nb6 27.
Bxd4 exd4 28. Nxb6 axb6 29. Qxe4 $18) (26... Bb2 27. Rc6 {[%cal Rc6d6] /\Rd6+-}
) 27. Bxd4 Re8 (27... exd4 $142 28. Rc5 $5 (28. Nxf6 Qxf6 29. Qxf6 gxf6 30. Rc7
Rd8 31. Kf1 $18) 28... d3 29. Nxf6 d2 30. Nxh7 $1 Rxf2+ (30... d1=Q 31. Nxf8
Qxe2 32. Qh3+ Kg8 33. Qh7+ $1 Kf7 34. Rf5+ $18) 31. Kxf2 d1=Q 32. Rc8 $18) 28.
Qf7 Nxd5 (28... exd4 29. Rc7 Rg8 30. Ne7 Qxc7 31. Ng6+ $18) 29. Bc5 {The
safest.} (29. Bxa7 $143 Rf8 30. Qb7 Qg5) 29... Nf6 30. Be3 a6 31. Rc7 Rg8 32.
Bg5 $22 (32. Bg5 h6 33. Bxf6 Qxf6 34. Qxf6 gxf6 35. Ra7 $18) 1-0

[Event "Groningen PCA"]
[Site "Groningen"]
[Date "1993.??.??"]
[Round "7"]
[White "Serper, Grigory"]
[Black "Hodgson, Julian M"]
[Result "1/2-1/2"]
[WhiteElo "2575"]
[BlackElo "2625"]
[Annotator "Stohl,I"]
[PlyCount "88"]
[EventDate "1993.12.??"]
[EventType "swiss"]
[EventRounds "11"]
[EventCountry "NED"]
[SourceTitle "CBM 039"]
[Source "ChessBase"]
[SourceDate "1994.04.01"]
[SourceVersion "1"]
[SourceVersionDate "1994.04.01"]
[SourceQuality "1"]

1. c4 b6 2. d4 e6 3. e4 Bb7 4. d5 (4. Bd3 f5 (4... Nc6 5. Ne2 Nb4 6. O-O Nxd3
7. Qxd3 d6 8. Nbc3 Nf6 9. d5 Be7 10. Nd4 Qd7 11. b3 c6 12. dxc6 Bxc6 13. Ba3 a6
14. Rad1 Bb7 15. Qg3 Qc7 16. Rfe1 g6 (16... O-O 17. e5 $1 dxe5 18. Ndb5 axb5
19. Nxb5 $16) 17. e5 Nh5 18. Bxd6 $16 {Epishin,V-Ehlvest,J/Novosibirsk/1993/})
5. exf5 Bb4+ 6. Kf1 Nf6 $5 7. c5 (7. fxe6 dxe6 $44) 7... bxc5 8. a3 c4 9. Bxc4
Ba5 10. fxe6 dxe6 11. Bxe6 $6 Qe7 12. d5 Nxd5 $1 13. Bxd5 Bxd5 14. Ne2 Qf7 15.
Nbc3 Bb3 16. Qd3 O-O 17. Be3 Nc6 18. Qb5 Rae8 $17 {->/Sideif Zade,F-Lempert,I/
Nabereznye Chelny/1993/}) (4. Nc3 Bb4 5. Qc2 Qh4 6. Bd3 Bxc3+ 7. bxc3 f5 8. g3
Qe7 9. Ne2 Nf6 10. f3 fxe4 11. fxe4 e5 12. Bg5 O-O 13. O-O Nc6 14. c5 Kh8 $13 {
Ker,A-Wohl,A/Jakarta zt/1993/}) 4... Nf6 (4... b5 5. a3 $1 bxc4 6. Bxc4 c6 7.
Nc3 cxd5 8. exd5 Nf6 9. Nf3 exd5 10. Ba2 Ba6 11. Nxd5 Be7 12. Bf4 O-O 13. Nc7
Bc5 14. Nxa6 Qe7+ 15. Ne5 Bd6 16. O-O Bxe5 17. Bxe5 Qxe5 18. Re1 Qa5 19. Nb4
$36 {Bagaturov,A-Chachibaia/Ml.Boleslav op/1993/}) (4... Qh4 5. Nd2 Bb4 6. Bd3
e5 7. Ngf3 Qe7 8. a3 Bxd2+ 9. Bxd2 Nf6 10. O-O d6 11. b4 Nbd7 12. Nh4 g6 13. g3
Nh5 14. Ng2 O-O 15. Bh6 Ng7 16. Ne3 $16 {()/Aleksandrov,A-Simonenko,S/
Ashkhabad/1990/}) (4... f5 $6 5. exf5 Bb4+ 6. Bd2 Bxd2+ 7. Qxd2 exd5 8. cxd5
Qe7+ 9. Be2 Nh6 10. Nf3 Nxf5 11. O-O O-O 12. Nc3 h6 13. Rfe1 Qf7 14. Bc4 Nd6
15. Bd3 Qf4 16. Qe2 Nf7 17. Rad1 $36 {Meister,Y-Shabalov,A/Podolsk tt/1990/}) (
4... Bb4+ 5. Nd2 (5. Bd2 $142 $5 $14 {()}) 5... Qe7 6. Qc2 c6 7. dxe6 dxe6 8.
Ngf3 c5 $10 {Allen,K-Damaso,R/Haifa ETC/1989/}) 5. Bd3 b5 6. cxb5 $146 (6. Nc3
Bb4 7. Qf3 $6 bxc4 8. Bxc4 exd5 9. exd5 Qe7+ 10. Kf1 O-O $1 11. d6 Qxd6 12.
Qxb7 Bxc3 {/\Qd1#} 13. Be2 Ba5 14. Qxa8 Qb4 15. Nf3 Nc6 16. a3 Qb3 17. Qxf8+
Kxf8 18. g3 Qc2 19. h3 Bb6 $17 {Galliamova,A-Muhutdinov,M/Nabereznye Chelny/
1993/}) 6... exd5 7. e5 Ne4 8. Nf3 a6 9. O-O axb5 10. Bxb5 Bc5 $13 11. Nc3 O-O
(11... Nxc3 12. bxc3 O-O 13. Bd3 $14) 12. Bf4 (12. Nxd5 $2 c6 $19) 12... f6 $5
(12... Na6 $5 $13 {/\c6,Nc7-e6}) 13. exf6 Qxf6 (13... Nxf6 14. Be5 c6 15. Bd3
$36) 14. Bxc7 (14. Nxd5 Qxb2 $13) 14... d6 15. Nxd5 Qxb2 16. Bc4 $5 (16. Be2 {
/\Rb1+-} Rxa2 $5 17. Nf6+ $1 Kh8 $8 18. Rxa2 Qxa2 19. Nxe4 Bxe4 20. Bxd6 Rd8
21. Bxc5 Rxd1 22. Rxd1 $10) 16... Nxf2 17. Qb1 Qxb1 (17... Ne4+ $2 18. Ne3+ $1
$18) 18. Raxb1 Ba6 $10 (18... Ne4+ 19. Kh1 Ba6 $10) 19. Bxa6 Ne4+ (19... Nxa6
$5 20. Bb6 $10 (20. Rxf2 $2 Nxc7 21. Nxc7 Rxa2 22. Rbf1 Rb8 23. Ne6 Rxf2 $19))
20. Kh1 Nxa6 21. Bb6 Bxb6 22. Nxb6 Ra7 23. Nd4 Re8 24. Rb2 Nac5 25. Nd5 (25.
Re2 Rb8 26. Nd5 $10) 25... h6 26. Nc6 Rf7 27. Rxf7 Kxf7 28. g3 Rc8 (28... Ke6
29. Nf4+ Kd7 30. Nd4 $10) 29. Nd4 Ra8 30. Nb6 $6 (30. Kg2 $142) 30... Ra3 31.
Nb5 Rd3 32. Kg2 Rd1 33. Kf3 d5 $36 34. Ke2 Rh1 35. Ke3 Re1+ 36. Kd4 Rd1+ 37.
Ke3 d4+ $1 38. Ke2 (38. Nxd4 $2 Rd3+ $19) 38... Rh1 39. Nc4 $1 Rxh2+ (39... d3+
40. Ke3 Re1+ 41. Kd4 {/\} Re2 $6 42. Ne5+ Kf6 43. Nxd3 $16) 40. Kf3 Ng5+ 41.
Kg4 Rxb2 42. Nxb2 d3 (42... Nge6 $5 43. Kf3 $15) 43. Kf4 d2 44. Nc3 Ke6 (44...
Ke6 45. g4 $1 {/\Ke3} (45. Ke3 $6 Kf5 $36 {><g3}) 45... Nge4 46. Nbd1 Nxc3 47.
Nxc3 Nd3+ (47... Na4 48. Nd1 $10) 48. Ke3 Ne5 49. g5 $1 $10) 1/2-1/2

[Event "Moscow Aeroflot op-A"]
[Site "Moscow"]
[Date "2005.02.23"]
[Round "9"]
[White "Zvjaginsev, Vadim"]
[Black "Minasian, Artashes"]
[Result "1/2-1/2"]
[WhiteElo "2653"]
[BlackElo "2586"]
[Annotator "Stohl,I"]
[PlyCount "107"]
[EventDate "2005.02.15"]
[EventType "swiss"]
[EventRounds "9"]
[EventCountry "RUS"]
[SourceTitle "CBM 106"]
[Source "ChessBase"]
[SourceDate "2005.06.06"]
[SourceVersion "1"]
[SourceVersionDate "2005.06.06"]
[SourceQuality "1"]

1. Nf3 g6 2. d4 Bg7 3. g3 c5 4. c3 $5 {A move usually played, when White wants
to dampen his opponent's ambitions.} Qa5 $5 ({For a lively player like Minasian
} 4... cxd4 5. cxd4 d5 $11 {-D79 is simply too boring.}) 5. d5 {White's most
ambitious move, but it's not much in keeping with the spirit of 4.c3!?.
Perhaps this was Zvjaginsev's intention all along, as 4...Qa5!? has already
occurred in Minasian's earlier practice.} ({Less enterprising alternantives are
} 5. Nbd2 cxd4 6. Nb3 Qb6 7. cxd4 Nf6 8. Bg2 O-O 9. O-O d6 10. d5 Na6 11. Nfd4
Nc5 12. h3 Nxb3 13. Nxb3 Bd7 14. Be3 Qa6 15. Bd4 Rfc8 16. Re1 Bb5 17. e4 Nd7
18. Bxg7 Kxg7 19. a4 Bc4 20. Qd4+ Kg8 21. Nd2 Qb6 $11 {Andersson,U-Milov,V/
EU-ch Antalya/2004/}) (5. e3 Nf6 6. Bg2 O-O 7. O-O d6 8. Re1 Qc7 9. e4 e5 10.
Na3 a6 11. dxe5 dxe5 12. Nc4 Rd8 13. Qb3 b5 14. Ncxe5 c4 15. Qc2 Nh5 16. g4
Bxe5 17. gxh5 Nc6 18. Bg5 Rd3 19. hxg6 Bg4 20. Nxe5 Nxe5 $44 {Khachian,
M-Minasian,A/Los Angeles/2003/}) 5... d6 (5... Nf6 6. Nbd2 d6 7. Bg2 b5 (7...
O-O 8. O-O Qc7 $132 {transposes into the line 8.Nbd2 later on.}) 8. O-O Bb7 9.
e4 Nbd7 10. a4 $1 a6 11. Re1 O-O 12. h3 Qc7 $6 (12... Qb6 $142) 13. Bf1 bxa4
14. Qxa4 a5 15. Nc4 Nb6 16. Nxb6 Qxb6 17. Nd2 Qc7 18. Nc4 e6 19. Bf4 e5 20. Bd2
Nd7 21. Nxa5 Ra7 22. b4 f5 23. f3 $16 {Loncar,R-Chatalbashev,B/Salsomaggiore
Terme/2000/}) 6. Bg2 (6. e4 Nf6 7. Nbd2 Nbd7 8. Bg2 Qa6 9. c4 b5 10. O-O Rb8 (
10... bxc4 $5) 11. Qc2 O-O 12. Re1 Ng4 (12... Ne8 $142 $132) 13. Bf1 $1 b4 $2
14. h3 Ngf6 15. a3 Ne8 16. Nb3 Qb6 17. axb4 Qxb4 18. Na5 Bb7 19. Re3 Qb6 20.
Rea3 Nef6 21. Nb3 Ra8 22. Bd2 a6 23. Bd3 Rfb8 24. Ba5 Qa7 25. Qe2 Ne8 26. R1a2
Bc8 27. Kg2 Rb7 28. Bd2 Rb6 29. Na5 $16 {Shirov,A-Forintos,G/Budapest/1989/})
6... Nf6 7. O-O O-O 8. Re1 (8. Nbd2 Qc7 9. e4 e6 10. Re1 (10. dxe6 Bxe6 11. Ng5
Bg4 12. f3 Bd7 13. Nc4 h6 14. Nh3 Bb5 15. Qxd6 Qd7 $1 16. Qxd7 Nfxd7 17. b3
Bxc3 18. Rb1 Bd4+ 19. Kh1 Kg7 20. Rd1 Bxc4 21. bxc4 Nb6 22. Nf4 Nc6 23. Nd5 Ne5
$36 {Kengis,E-Khalifman,A/Aarhus/1997/}) 10... exd5 11. exd5 b5 (11... Nbd7 12.
c4 b5 13. cxb5 Bb7 $132) 12. a4 Bb7 13. axb5 Bxd5 14. c4 Bb7 15. Nb3 a6 16. Bf4
Rd8 17. Na5 Be4 $1 $11 (17... axb5 18. Nxb7 Rxa1 19. Qxa1 Qxb7 20. Nd4 Qb6 21.
Nxb5 Bf8 22. Rd1 $36 {Yegiazarian,A-Minasian,A/ARM-ch Yerevan/2003/})) (8. Nfd2
Nbd7 9. a4 $6 Nb6 10. e4 e6 11. e5 Nfxd5 12. exd6 c4 13. Qe2 Bd7 14. Na3 Rac8
15. Re1 Qxa4 16. Ne4 Qa6 17. Nc2 Na4 18. Be3 Nxe3 19. Qxe3 Qb6 20. Qxb6 axb6
21. Ra2 Rfd8 22. Nd2 b5 23. Bxb7 Rb8 24. Bg2 Be8 $17 {Cvorovic,D-Horvath,C/
Split/2004/}) (8. a4 b5 9. Nfd2 b4 10. Nb3 $6 Qb6 11. a5 Qb5 12. cxb4 Qxb4 13.
Nc3 Na6 14. Ra4 Qb7 $15 15. Rh4 $2 Qc7 16. f4 Rb8 17. e4 Bg4 18. Bf3 Bxf3 19.
Rxf3 Rb4 20. e5 Nd7 21. e6 fxe6 22. dxe6 Nf6 23. f5 gxf5 24. Rxf5 Rxh4 25. gxh4
Kh8 26. Nd5 Qc8 $19 {Godes,D-Davies,N/Herzliya/1993/}) 8... Qc7 {The Q has
done it's task on a5, but why this somewhat passive retreat? More flexible is}
(8... Re8 9. Na3 Nbd7 10. h3 b5 11. e4 a6 12. Nc2 Bb7 13. Bf4 h6 14. h4 e5 15.
Bd2 c4 16. b4 cxb3 17. axb3 Qc7 18. Nh2 Nc5 19. Rb1 a5 20. b4 axb4 21. cxb4
Ncxe4 $1 22. Rxe4 Nxe4 23. Bxe4 f5 24. Bg2 Qf7 $44 {Karpov,A-Topalov,V/
Dortmund/1999/}) ({Possibly a playable alternative is even the immediate} 8...
b5 $5 9. e4 Bg4 10. Nbd2 Nfd7 11. h3 Bxf3 12. Nxf3 Na6 13. Bd2 Rab8 14. a3 Rfc8
15. Bf1 Qb6 16. Be3 Nc7 17. Nd2 Qb7 18. Nb3 Qb6 19. f4 a5 20. Nd2 Qb7 21. Qc2
Nb6 22. Bf2 $11 {1/2,Jankovec,I-Ramik,Z/CZE-chT/1995/}) 9. a4 b6 10. Na3 Bb7 (
10... a6 11. h3 Nbd7 12. e4 Rb8 13. Bf1 $14) 11. e4 Nbd7 12. h3 a6 13. Bf4 Ne8
14. Qb3 {White has a pleasant position with more () and more than one
promising plan. Zvjanginsev's choice is not ideal and Black gradually gets
more than enough play.} (14. Nc4 {/\} b5 15. axb5 axb5 16. Rxa8 Bxa8 17. Na3 b4
18. cxb4 cxb4 19. Nb5 $14) (14. Rc1 {[%cal Yb2b4] /\b4()}) (14. Qd2 $5 $14 {
[%cal Yf4h6] /\Bh6}) 14... Rb8 15. Nc4 Ba8 ({As Black will have to reposition
his B anyway, the immediate} 15... Bc8 $5 $13 {[%cal Yd7e5] /\Ne5 deserved
serious attention:} 16. e5 $2 b5 17. axb5 axb5 18. exd6 bxc4 19. dxe7 Qxf4 20.
exf8=Q+ Kxf8 $15) 16. Bf1 Ne5 17. Nfd2 (17. Nfxe5 dxe5 18. Be3 b5 19. axb5 axb5
20. Nd2 Nd6 $132) 17... Kh8 $5 (17... Nxc4 18. Nxc4 {/\} b5 19. axb5 axb5 20.
Na3 c4 21. Qb4 $16) 18. Qd1 (18. Nxe5 $142 dxe5 19. Be3 Bb7 20. Qa3 $14 {
[%cal Yb2b4,Ra4a5] /\a5,b4,|^<<}) 18... Bb7 $1 19. Rc1 (19. Be3 $142 $14) 19...
Bc8 20. b4 (20. Be3 Nxc4 21. Nxc4 b5 22. axb5 axb5 23. Nd2 e6 $132) 20... b5
21. axb5 axb5 $132 22. Na5 $2 {[%csl Ra5] This outpost for the N is not really
strong, as it's too offside, further on White will have only problems with his
waylaid N.} (22. Nxe5 dxe5 23. Be3 c4 24. Ra1 Nd6 $13) (22. Na3 c4 $11) (22.
Ne3 c4 23. Ng4 $11) 22... c4 23. Nf3 Nxf3+ 24. Qxf3 {[%cal Ya5c6,Ye4e5]} e5 $1
{[%csl Ge5] This strong move gains [+]() and stops ideas like Nc6 and e5.} 25.
dxe6 {This cuts off the Na5 even more by taking away the c6-square, but
otherwise Black might develop a serious >>->.} (25. Be3 f5 (25... Bd7 $5 $36)
26. Nc6 Ra8 $15 {[%cal Gf8f1,Ga8a1] >>,<->a}) 25... fxe6 26. Qe3 e5 $1 $15 27.
Bg5 (27. Bh6 Be6 $15 {is similar.}) 27... Be6 28. Rcd1 Bf6 29. Rd2 ({The
exchange of the B suits Black,} 29. Bh6 $142 $5 Rf7 30. h4 {was less
forthcoming.}) 29... Bxg5 30. Qxg5 Kg7 31. Qe3 Qb6 32. h4 h6 33. Kh2 g5 $1 {
[%csl Gg5] ()>> Black gains more space on the other flank as well.} 34. Bh3 (
34. hxg5 Qxe3 35. Rxe3 hxg5 $36 {[%cal Gh8h1] <->h}) 34... Qxe3 35. Rxe3 g4 $15
{Swapping the passive light squaredB would help White.} (35... Bxh3 $143 36.
Kxh3 Rb6 37. f3 $11 {is less promising for Black.}) 36. Bg2 Rb6 {In the
following manoeuvring phase Black has the initiative, but he doesn't undertake
anything concrete - the last round has it's own rules. The only dangerous plan
would have been to play for a central break d5. Opening up the position would
increase White's problem with the Na5.} 37. Kg1 Nf6 38. Re1 Kf7 39. Kf1 Ke7 40.
Red1 Bf7 41. Ke2 Bh5 42. Ke3 Kd7 $1 43. Re2 Kc7 {Limits the Na5 and thus frees
the Rb6.} 44. Kd2 Rbb8 45. Bh1 Nd7 (45... Rbd8 $5 $36 {[%csl Ra5,Rc3][%cal
Yd8d7,Yf8d8,Yh5f7,Yd6d5] /\Rd7,Rfd8,Bf7,d5,פa5,c3}) 46. Ke1 Rf6 47. Rdd2 Rbf8
48. Re3 Nb6 49. Bg2 Nc8 50. Bh1 Ne7 51. Bg2 Ra8 52. Ree2 Rff8 53. Rd1 Rf6 54.
Red2 {Black could still have returned to the above mentioned plan with little
or no risk.} (54. Red2 Rd8 $15 {[%cal Yd8d7,Yf6f8,Yf8d8,Yh5f7,Yd6d5] /\Rd7,
Rf8-d8,Bf7,d5}) 1/2-1/2